Statistics for Deer Valley Ski Resort Trails

Click here to take the quiz!

General Stats

  • This quiz has been taken 17 times
  • The average score is 49 of 128

Answer Stats

MountainTrail NameDifficulty% Correct
Bald Eagle MountainLittle StickBlue
100%
Bald Eagle MountainBig StickBlue/Double Blue
67%
Little Baldy PeakCascadeBlack
67%
Bald Eagle MountainChampionBlack
67%
Little Baldy PeakCrescentBlack
67%
Little Baldy PeakDeer HollowGreen
67%
Bald Eagle MountainDew DropBlue
67%
Little Baldy PeakDynamicBlack
67%
Little Baldy PeakFairviewBlue
67%
Little Baldy PeakGnat's EyeGreen
67%
Bald MountainHomeward BoundGreen
67%
Little Baldy PeakJordanelleDouble Blue
67%
Little Baldy PeakKeetleyGreen
67%
Bald Eagle MountainKimberlyBlue
67%
Bald Eagle MountainKnow You Don'tBlack
67%
Bald Eagle MountainLast ChanceBlue
67%
Bald Eagle MountainLittle BellGreen
67%
Bald Eagle MountainLittle KateBlue
67%
Bald Eagle MountainLucky BillBlack
67%
Bald Eagle MountainLucky BudBlack
67%
Flagstaff MountainLucky StarBlue
67%
Bald MountainMorning StarBlack
67%
Little Baldy PeakMountaineerBlue
67%
Bald Eagle MountainNavigatorGreen
67%
Bald Eagle MountainRoamerBlue
67%
Bald Eagle MountainRosebudGreen
67%
Bald Eagle MountainSilver DollarGreen
67%
Little Baldy PeakSilver HillBlue
67%
Bald Eagle MountainSolid MuldoonGreen/Blue
67%
Bald MountainStarBlue
67%
Bald MountainStein's WayBlue/Double Blue/Black
67%
Bald Eagle MountainSuccessGreen
67%
Bald Eagle MountainSunriseBlue
67%
Bald Eagle MountainWhite OwlBlack
67%
Bald Eagle MountainYes You DoBlack
67%
EmpireAnchor TreesBlack
33%
Lady MorganArgusBlack
33%
Flagstaff MountainBandanaGreen
33%
Bald MountainBirdseyeBlue
33%
Bald MountainBlack ForestBlack
33%
Flagstaff MountainBluebellGreen/Blue
33%
Bald MountainBlue LedgeBlack
33%
Flagstaff MountainBoulder BumpsBlue
33%
Lady MorganCentennialBlack
33%
Lady MorganCusterGreen
33%
Lady MorganDakotaBlue
33%
EmpireDaly BowlDouble Black
33%
EmpireDaly ChutesDouble Black
33%
EmpireDomingoBlack
33%
Flagstaff MountainDT's TreesBlack
33%
Bald MountainEdgar's AlleyDouble Blue
33%
Bald MountainEmeraldBlack
33%
EmpireEmpire BowlBlack
33%
Flagstaff MountainFour PlyBlack
33%
Bald MountainGilt EdgeGreen
33%
Bald MountainGrizzlyBlack
33%
Flagstaff MountainGuardsman GladeBlack
33%
Flagstaff MountainGumby GladeBlack
33%
Flagstaff MountainHidden TreasureBlue
33%
Lady MorganHillsideBlack
33%
Bald MountainKebobBlack
33%
Bald MountainKenoBlue
33%
EmpireLady Morgan BowlBlack
33%
Flagstaff MountainLily/Lower LilyGreen
33%
Flagstaff MountainLost BoulderBlue
33%
Flagstaff MountainLucky JackGreen
33%
Lady MorganMagnetBlack
33%
Lady MorganMargusBlack
33%
Bald MountainMayflower BowlBlack
33%
Bald MountainMayflower ChutesDouble Black
33%
Bald MountainMcHenryGreen
33%
Bald MountainNabobBlue
33%
Bald MountainNarrow GaugeBlack
33%
Bald MountainNorth StarBlue
33%
Flagstaff MountainOntarioGreen
33%
Flagstaff MountainOntario BowlBlack
33%
EmpireOre CartBlue
33%
EmpireOrionBlue/Double Blue
33%
Bald MountainOttobahnBlue
33%
Bald MountainParadiseBlack
33%
Lady MorganPearlGreen
33%
Flagstaff MountainPeelerDouble Blue
33%
Bald MountainPeerlessBlack
33%
Bald MountainPerseveranceDouble Blue
33%
Bald MountainPerseverance BowlBlack
33%
EmpireQuincy KnollBlack
33%
Bald MountainRattlerBlack
33%
Bald MountainRewardBlack
33%
Flagstaff MountainSidewinderBlue
33%
Bald Eagle MountainSilver LinkBlue
33%
EmpireSolaceBlue/Double Blue/Black
33%
Bald MountainSon of RattlerBlack
33%
Flagstaff MountainSquare DealBlack
33%
Flagstaff MountainStar GazerBlue
33%
Bald MountainSultan ConnectionGreen
33%
Bald MountainSunsetBlue
33%
Bald MountainSunset GladeBlack
33%
EmpireSupremeBlue
33%
Flagstaff MountainThree PlyBlack
33%
Bald MountainThundererBlack
33%
Bald MountainTriangle TreesBlack
33%
Flagstaff MountainTrumpGreen
33%
Bald MountainTycoonDouble Blue
33%
Lady MorganWalkerGreen
33%
Lady MorganWebsterGreen
33%
Bald Eagle MountainWide WestGreen
33%
Bald MountainWizardDouble Blue
33%
Lady MorganWoodsideGreen
33%
EmpireX-FilesBlack
33%
EmpireZebra TreesBlack
33%
Flagstaff MountainBannerGreen
0%
EmpireBuckeyeBlack
0%
EmpireConvictionBlack
0%
Bald MountainEvergreenBlack
0%
Bald MountainFinisBlack
0%
Bald MountainFortune TellerBlack
0%
Bald MountainFree ThinkerBlack
0%
Flagstaff MountainGeminiBlue
0%
Flagstaff MountainHawkeyeBlue
0%
Bald MountainLegal TenderBlue
0%
Bald MountainLittle RebBlue
0%
Flagstaff MountainMountain DaisyGreen
0%
EmpireNuggetBlue
0%
Bald MountainOrient ExpressBlack
0%
Bald Eagle MountainRising StarBlue
0%
Bald MountainRuins of PompeiiBlack
0%
Flagstaff MountainSilver BuckBlue
0%
Flagstaff MountainTrainerGreen
0%

Score Distribution

Percentile by Number Answered

Percent of People with Each Score

Your Score History

You have not taken this quiz